Missing Word: Legendary Singers Quiz Stats

 Plays Quiz Updated Oct 26, 2018

Challenge
Share
Tweet
Embed
Score 0/36 Timer 04:00
0 Plays Today
Singer Missing (alphabetical) % Correct
_____ PresleyElvis
96.3%
_____ SinatraFrank
96.2%
Nat _____ ColeKing
94.8%
Bing _____ Crosby
93.2%
Judy _____ Garland
91.5%
Doris _____ Day
91.1%
_____ FitzgeraldElla
90.8%
_____ Davis, Jr.Sammy
86.7%
_____ MartinDean
86.2%
_____ HolidayBillie
83.8%
_____ DarinBobby
82.8%
Paul _____ Anka
79.9%
Perry _____ Como
79.3%
Etta _____ James
77.8%
Barbra _____ Streisand
77.5%
Tony _____ Bennett
76.5%
_____ TorméMel
75.2%
Dusty _____ Springfield
72.4%
Singer Missing (alphabetical) % Correct
_____ HorneLena
69.7%
_____ HumperdinckEngelbert
68.2%
_____ ClooneyRosemary
68%
Roy _____ Orbison
63.9%
_____ FrancisConnie
63.7%
_____ ShoreDinah
61.6%
Pat _____ Boone
61.3%
Andy _____ Williams
60.4%
_____ JonesTom
60.3%
_____ PiafÉdith
55.4%
_____ LeePeggy
51%
_____ PagePatti
50.5%
Johnny _____ Mathis
47.6%
Fred _____ Astaire
47.1%
Vikki _____ Carr
42.3%
_____ ValléeRudy
40%
_____ StaffordJo
34.5%
Sarah _____ Vaughan
18.8%

Today's Daily Dose

You're not logged in!

Compare scores with friends on all Sporcle quizzes.
OR
Log In

You Might Also Like...

Show Comments

Extras

Top Quizzes Today


Score Distribution

Your Account Isn't Verified!

In order to create a playlist on Sporcle, you need to verify the email address you used during registration. Go to your Sporcle Settings to finish the process.

Report this User

Report this user for behavior that violates our Community Guidelines.

Details: